000 00286nam a22001337a 4500
008 170612b xxu||||| |||| 00| 0 eng d
020 _a9780713996814
041 _aeng
080 _a94(4)
100 _a17
101 _aSHH
245 _aHITLER'S EMPIRE
_cMAZOWER,M
942 _2udc
_cBK
999 _c17061
_d17061